Rose (Record no. 22842)

MARC details
000 -LEADER
fixed length control field 00325nam a2200133Ia 4500
082 ## - DEWEY DECIMAL CLASSIFICATION NUMBER
Classification number 633.811
Item number GEO
100 ## - MAIN ENTRY--AUTHOR NAME
Personal name George Thomas, R
245 #0 - TITLE STATEMENT
Title Rose
260 ## - PUBLICATION, DISTRIBUTION, ETC. (IMPRINT)
Place of publication Trivandrum
Name of publisher State Inst ofLanguage
Year of publication 1974
650 ## - SUBJECT ADDED ENTRY--TOPICAL TERM
Topical Term Rose cultivation
700 ## - ADDED ENTRY--PERSONAL NAME
Personal name Gopimani
942 ## - ADDED ENTRY ELEMENTS (KOHA)
Koha item type Books
Holdings
Withdrawn status Lost status Damaged status Not for loan Home library Current library Shelving location Date acquired Full call number Accession Number Koha item type
        RRII Library RRII Library Malayalam 16/12/2021 633.811 GEO 03553 Books